=LDR 00000nam 2200000 4500 =001 INLIS000000000006718 =005 20251113105755 =035 ##$$a 0010-1125000592 =007 ta =008 251113###########################0#ind## =082 ##$$a 305.42 =084 ##$$a 305.42 SOE w =100 #$$a Soejatni =245 1#$$a World Conference The United Nation Decade For Women: Equility, Development and Space /$c Badan Koordinasi Keluarga Berencana Nasional =260 ##$$a Copenhagen :$b Badan Koordinasi Keluarga Berencana Nasional =300 ##$$a 26 Hal : $b Ilus ; $c 21 =650 #4$$a Keluarga Berencana =856 ##$$a Perpustakaan Kemendukbangga